Stir up the gift. (Record no. 10679)

000 -LEADER
fixed length control field 00642nam a2200193 a 4500
001 - CONTROL NUMBER
control field :::00008468$&:&@@
003 - CONTROL NUMBER IDENTIFIER
control field OkBaRHE
005 - DATE AND TIME OF LATEST TRANSACTION
control field 20000607103344.0
008 - FIXED-LENGTH DATA ELEMENTS--GENERAL INFORMATION
fixed length control field s1952 j 000 0 eng u
040 ## - CATALOGING SOURCE
Transcribing agency
100 1# - MAIN ENTRY--PERSONAL NAME
Personal name Rees, Paul R.
245 10 - TITLE STATEMENT
Title Stir up the gift.
260 ## - PUBLICATION, DISTRIBUTION, ETC. (IMPRINT)
Place of publication, distribution, etc Grand Rapids, MI., :
Name of publisher, distributor, etc Zondervan Publishing House
Date of publication, distribution, etc 1952
300 ## - PHYSICAL DESCRIPTION
Extent 158 p. ;
Dimensions 21 cm.
650 ## - SUBJECT ADDED ENTRY--TOPICAL TERM
Topical term or geographic name as entry element Evangelistic Work
942 ## - ADDED ENTRY ELEMENTS (KOHA)
Source of classification or shelving scheme
Koha item type Books
Copies
Date acquired Lost status Full call number Copy number Price effective from Barcode Damaged status Permanent Location Source of classification or shelving scheme Koha item type Not for loan Withdrawn status Date last seen Shelving location
2010-04-14 BV 3790 .R35612010-04-148468 RHEMA Bible Training College Books  2010-04-14General Stacks
2010-04-14 BV 3790 .R35622010-04-1419718 RHEMA Bible Training College Books  2010-04-14General Stacks